00657nam a2200229Ia 4500003000400000005001700004008004100021020002200062040000700084041000800091082001500099100003000114245000800144260003200152300001700184365001300201650002800214906000800242942001200250999001900262952014600281OSt20230523142121.0210423s2007 xx 000 0 und d a978-0-553-21332-4 cAL aeng a823.8 KIPK aKIPLING (Rudyard)9111321 aKim aNew YorkbBantam dellc2007 axvii,300bPB b199cINR aEnglish Fiction9111322 aKim 2ddccBK c167949d167949 001040708GENaSACPGbSACPGd2016-11-11eNavakarnatakag199.00l1m1o823.8 KIPKpPG014451r2024-03-22 00:00:00s2024-03-02w2021-04-26yBK